000 00295nam a22001337a 4500
008 170527b xxu||||| |||| 00| 0 eng d
020 _a9780471472421
041 _aeng
080 _a623
100 _a26
101 _aIM
245 _aHANDBOOK OF MODEL ROCKETRY
_cSTINE, G.H
942 _2udc
_cBK
999 _c14650
_d14650